Classroom instruction in three preschools for children with special needs /
Saved in:
| Main Author: | |
|---|---|
| Format: | Thesis Book |
| Language: | English |
| Published: |
2010.
|
| Subjects: | |
| Online Access: | http://studentsrepo.um.edu.my/id/eprint/3272 |
| Tags: |
Add Tag
No Tags, Be the first to tag this record!
|
| LEADER | 01323cam a2200301 a 4500 | ||
|---|---|---|---|
| 001 | u840078 | ||
| 003 | SIRSI | ||
| 005 | 201110051045 | ||
| 008 | 111005s2010 my a t 000 0 eng m | ||
| 040 | |a UMM | ||
| 043 | |a a-my--- | ||
| 090 | |a LB7 |b UMP 2010 Chi | ||
| 100 | 0 | |a Chithra K.M. Krishnan Adiyodi. | |
| 245 | 1 | 0 | |a Classroom instruction in three preschools for children with special needs / |c Chithra a/p K.M. Krishnan Adiyodi. |
| 260 | |c 2010. | ||
| 300 | |a xvi, 326 leaves : |b ill. ; |c 30 cm. | ||
| 502 | |a Thesis (Ph.D) -- Jabatan Psikologi Pendidikan dan Kaunseling, Fakulti Pendidikan, Universiti Malaya, 2010. | ||
| 504 | |a Bibliography: leaves 292-299. | ||
| 530 | |a Also issued in CD. | ||
| 650 | 0 | |a Special education |x Curricula |z Malaysia |x Planning. | |
| 650 | 0 | |a Children with disabilities |x Education (Preschool) |z Malaysia. | |
| 650 | 0 | |a Learning disabled children |x Education (Preschool) |z Malaysia. | |
| 710 | 2 | 0 | |a Universiti Malaya. |b Jabatan Psikologi Pendidikan dan Kaunseling. |
| 856 | 4 | 1 | |u http://studentsrepo.um.edu.my/id/eprint/3272 |
| 900 | |a ZA | ||
| 596 | |a 1 8 | ||
| 999 | |a LB7 UMP 2010 CHI |w LC |c 1 |i A514834811 |d 23/8/2019 |e 23/8/2019 |f 9/1/2012 |g 1 |l STACKS |m P01UTAMA |n 28 |r Y |s Y |t TESIS |u 5/1/2012 | ||
| 999 | |a LB7 UMP 2010 CHI |w LC |c 1 |i A516378425 |f 20/7/2020 |g 1 |l STACKS |m P08PENDIDI |r Y |s Y |t TESIS |u 2/2/2016 |1 AHSS | ||
